13 Colonies By Statehood Order - Whammies - Statistics

General Stats
  • This quiz has been taken 17 times
  • The average score is 5 of 13
Answer Stats
Date State % Correct
December 7, 1787 Delaware
100%
December 12, 1787 Pennsylvania
76%
December 18, 1787 New Jersey
47%
January 2, 1788 Georgia
41%
January 9, 1788 Connecticut
35%
June 26, 1788 New York
35%
May 29, 1790 Rhode Island
35%
February 6, 1788 Massachusetts
29%
November 21, 1789 North Carolina
29%
May 23, 1788 South Carolina
29%
April 28, 1788 Maryland
24%
June 21, 1788 New Hampshire
24%
June 25, 1788 Virginia
24%
No matching quizzes found
Score Distribution
Percent of People with Each Score
Percentile by Number Answered
Your Score History
You have not taken this quiz